| 000 | 00522nam a22001817a 4500 | ||
|---|---|---|---|
| 005 | 20250110145550.0 | ||
| 010 | _aB-761661 | ||
| 020 |
_a978935501882 _c345.00 |
||
| 035 | _aB-761661 | ||
| 037 | _bGift | ||
| 082 | _a500 | ||
| 100 |
_aTangri, Aaditya _976350 |
||
| 245 |
_aS. Chands's Journey Through Science ; _bbook 3/ _cAaditya Tangri |
||
| 260 |
_aNew Delhi _bS. Chand _c2024 |
||
| 300 |
_a152p. _c28cm(pb) |
||
| 942 |
_2ddc _cCH _h500 _mTAN |
||
| 999 |
_c208367 _d208367 |
||